Sports Quiz

Random Sports or Hockey Quiz

Philadelphia Flyers Goalies Quiz Stats

 Plays Quiz not verified by Sporcle

Challenge
Share
Tweet
Embed
Score 0/56 Timer 10:00
0 Plays Today
Tenure as a Flyer Goalie % Correct
2012-2017Steve Mason
96.2%
1986–1992, 1994–1999Ron Hextall
95.3%
1967–1971, 1973–1979Bernie Parent
94.3%
2018-PresentPetr Mrazek
83.3%
1999–2002, 2009–2011, 2012–2013Brian Boucher
82.1%
1981-1986Pelle Lindbergh
75.5%
2011-2013Ilya Bryzgalov
71.7%
2000-2003Roman Cechmanek
71.7%
2015-PresentMichal Neuvirth
70.8%
2017-PresentBrian Elliott
68.9%
2018-PresentAlex Lyon
66.7%
2006–2007, 2009–2011, 2012–2013Michael Leighton
65.1%
2009–2010, 2013–2015Ray Emery
64.2%
2002-2007Robert Esche
64.2%
1998-2000John Vanbiesbrouck
63.2%
2010-2012Sergei Bobrovsky
62.3%
1978–1982, 1989–1991Pete Peeters
59.4%
2006-2009Martin Biron
56.6%
2003-2009Antero Niittymaki
53.8%
1982-1987Bob Froese
51.9%
1997–1998, 2003–2004Sean Burke
50.9%
1992-1994Tommy Soderstrom
50.9%
1988-1992Ken Wregget
49.1%
1995-1998Garth Snow
47.2%
2016-PresentAnthony Stolarz
45.3%
1991-1996Dominic Roussel
44.3%
1974-1979Wayne Stephenson
44.3%
1985-1987Glenn Resch
34.9%
Tenure as a Flyer Goalie % Correct
2003-2004Jeff Hackett
32.1%
1967-1973Doug Favell
30.2%
1987-1989Mark Laforest
26.4%
1984-1986Darren Jensen
24.5%
1979-1981Phil Myre
24.5%
1977-1983Rick St. Croix
22.6%
2001–2002, 2003–2004Neil Little
21.7%
1987-1988Wendell Young
20.8%
2009-2010Johan Backlund
19.8%
1971-1976Bobby Taylor
19.8%
1992-1993Stephane Beauregard
17.9%
2014-2015Rob Zepp
17.9%
1969-1970Dunc Wilson
17%
1970-1972Bruce Gamble
16%
1975-1976Jerome Mrazek
16%
1989–1991Bruce Hoffort
15.1%
2000-2001Maxime Ouellet
12.3%
2009-2010Jeremy Duchesne
11.3%
1982-1983Michel Larocque
10.4%
1978-1979Robbie Moore
10.4%
1998-1999Jean-Marc Pelletier
9.4%
1993-1994Frederic Chabot
8.5%
1975-1977Gary Inness
8.5%
2013-2014Cal Heeter
7.5%
1972-1973Michel Belhumeur
6.6%
1988-1989Marc D'Amour
6.6%
2006-2007Martin Houle
6.6%
1971-1972Don McLeod
5.7%

You're not logged in!

Compare scores with friends on all Sporcle quizzes.
Join for Free
OR
Log In

You Might Also Like...

Show Comments

Extras

Top Quizzes Today


Score Distribution

Your Account Isn't Verified!

In order to create a playlist on Sporcle, you need to verify the email address you used during registration. Go to your Sporcle Settings to finish the process.

Report this User

Report this user for behavior that violates our Community Guidelines.

Details: